Paesi in cui si trovano Leoni - Statistics

Statistiche generali
  • Questo quiz è stato fatto 24 volte
  • Il punteggio medio è 23 su 28
Statistiche sulle risposte
Hint Risposta % Corretto
Niger
100%
Nigeria
100%
Tanzania
96%
Somalia
91%
Sudafrica
91%
Africa Angola
87%
Botswana
87%
Ciad
87%
Asia India
87%
Kenya
87%
Repubblica del Congo
87%
Senegal
83%
Uganda
83%
Etiopia
78%
Ghana
78%
Malawi
78%
Mali
78%
Mozambico
78%
Zambia
78%
Benin
74%
Burkina Faso
74%
Camerun
74%
Ruanda
74%
Zimbabwe
74%
Namibia
70%
Repubblica Centrafricana
70%
Sud Sudan
70%
Costa d'Avorio
61%
Nessun quiz corrispondente trovato
Distribuzione punteggi
Percentuale di utenti per punteggio
Percentile per numero di risposta
I tuoi punteggi nel tempo
Non hai fatto questo quiz